00401nam a22001337a 4500020001800000040000900018082001700027100002300044110006300067245005900130250001600189260004200205650002000247 a9788126542642 cNUST a621.4021 MOR aMoran, Michael J.  aShapiro, Howard N. Boettener, Daisie D. Bailey, Margret B. aPrinciples of Engineering Thermodynamics: bSI Version a7th Edition aNew Dehli:bJohn Wiley & Sons,c2014. aThermodynamics